LIBRARY & INFORMATION CENTRE, KCAET, TAVANUR

ONLINE PUBLIC ACCESS CATALOGUE (OPAC)

Bench mark soils of Kerala / (Record no. 13571)

MARC details
000 -LEADER
fixed length control field 00453cam a2200169ua 4500
041 ## - LANGUAGE CODE
Language code of text/sound track or separate title eng
082 ## - DEWEY DECIMAL CLASSIFICATION NUMBER
Classification number 631.4
Item number GOV/BE
100 ## - MAIN ENTRY--AUTHOR NAME
Personal name Premachandran, P.N. .
245 00 - TITLE STATEMENT
Title Bench mark soils of Kerala /
250 ## - EDITION STATEMENT
Edition statement 1 /
260 ## - PUBLICATION, DISTRIBUTION, ETC. (IMPRINT)
Place of publication Thiruvananthapuram :
Name of publisher Soil survey Organisation ,
Year of publication 1997.
300 ## - PHYSICAL DESCRIPTION
Number of Pages 623 ; .
650 ## - SUBJECT ADDED ENTRY--TOPICAL TERM
Topical Term Soil Science
650 ## - SUBJECT ADDED ENTRY--TOPICAL TERM
Topical Term Soil Science
Holdings
Withdrawn status Lost status Damaged status Home library Current library Date acquired Full call number Accession Number Koha item type
      KAUAET KAUAET 22/02/2024 631.4 GOV/BE 22236 Books
free website counter